Krkonošské koření /

Hlavní autor: Janalík, František, 1938-2007
Další autoři: Winter-Neprakta, Jiří, 1924-2011
Jazyk: Čeština
Vydáno: Praha : Plot, 2006
Edice: Atrium
Témata:
Fyzický popis: 166 s. : il. ; 22 cm
Knihy
Uloženo v:
LEADER 01571nam a2200457 a 4500
001 nkc20061692322
003 CZ PrNK
005 20070417165004.0
007 ta
008 061010s2006 xr a g 000 f cze
015 |a cnb001692322 
020 |a 80-86523-73-X  |q (váz.) 
035 |a (OCoLC)124086832 
040 |a OLA001  |b cze  |d BOA001 
043 |a e-xr---  |b e-xr-cc  |2 czenas 
072 7 |a 821.162.3-3  |x Česká próza  |2 Konspekt  |9 25 
080 |a 821.162.3-3  |2 MRF 
080 |a 639.1  |2 MRF 
080 |a 502.2  |2 MRF 
080 |a (437.31-17)  |2 MRF 
080 |a (0:82-321.5)  |2 MRF 
100 1 |a Janalík, František,  |d 1938-2007  |7 jk01050761  |4 aut 
245 1 0 |a Krkonošské koření /  |c František Janalík ; ilustrace Jiří Winter-Neprakta 
260 |a Praha :  |b Plot,  |c 2006 
300 |a 166 s. :  |b il. ;  |c 22 cm 
490 1 |a Atrium ;  |v sv. 6 
650 0 7 |a myslivost  |7 ph115386  |2 czenas 
650 0 9 |a game management  |2 eczenas 
651 7 |a Krkonoše (Česko a Polsko : pohoří)  |7 ge134289  |x přírodní poměry  |2 czenas 
651 9 |a Krkonoše (Czechia and Poland)  |x natural conditions  |2 eczenas 
655 7 |a české prózy  |7 fd133972  |2 czenas 
655 7 |a humoristické prózy  |7 fd132429  |2 czenas 
655 9 |a Czech prose  |2 eczenas 
655 9 |a humorous prose  |2 eczenas 
700 1 |a Winter-Neprakta, Jiří,  |d 1924-2011  |7 jk01083186  |4 ill 
830 0 |a Atrium  |0 s 
910 2 |a BOA001  |b 2-1180.157 
990 |a BK 
995 |a 01 
991 |b 200702 
996 6 |b 2610299088  |c 2-1180.157  |l MZK  |r Sklad / do 1 hodiny  |n 0  |p p.v.  |w 000837621  |u 000010  |a 1  |e BOA001  |j MZK50  |s P